000 00701nam a2200181 i 4500
001 131415
003 ES-MaACL
005 20230906193957.0
007 t|
008 070214s19821987sp r ||||1| spa d
100 1 _aRodríguez de Abajo, F. Javier.
_998435
245 1 0 _aGeometría descriptiva /
_cF. Javier Rodríguez de Abajo.
260 _aSan Sebastián :
_bEd. Donostiarra,
_c1982-1987.
300 _a5 v. ;
_c27 cm.
505 8 _aContiene: Tomo I. Sistema diédrico. Tomo II. Sistema de planos acotados. Tomo III. Sistema axonométrico. Tomo IV. Sistema de perspectiva caballera. Tomo V. Sistema cónico
650 4 _aGeometría descriptiva.
_9136182
852 _aES-MaACL
_jP-590
_bR.115369
999 _c131415
_d131415